[Event "ABC 2024 Utrecht, Groep B"]
[Site "Utrecht"]
[Date "2024.03.10"]
[Round "5.12"]
[White "Woldhuis, Marnik"]
[Black "Ambrona Navarro, Himar"]
[Result "1-0"]
[WhiteElo "1760"]
[BlackElo "1989"]

1. e4 {[%clk 00:55:18]} {[%emt 00:00:01]} c6 {[%clk 00:55:12]} {[%emt
00:00:09]} 2. d4 {[%clk 00:55:26]} {[%emt 00:00:03]} d5 {[%clk 00:55:12]}
{[%emt 00:00:10]} 3. Nc3 {[%clk 00:55:34]} {[%emt 00:00:01]} dxe4 {[%clk
00:55:11]} {[%emt 00:00:11]} 4. Nxe4 {[%clk 00:55:36]} {[%emt 00:00:07]} Nf6
{[%clk 00:55:15]} {[%emt 00:00:06]} 5. Nxf6+ {[%clk 00:55:42]} {[%emt
00:00:05]} exf6 {[%clk 00:55:15]} {[%emt 00:00:10]} 6. Nf3 {[%clk 00:55:50]}
{[%emt 00:00:02]} Bd6 {[%clk 00:55:10]} {[%emt 00:00:15]} 7. Bd3 {[%clk
00:55:45]} {[%emt 00:00:14]} O-O {[%clk 00:55:07]} {[%emt 00:00:12]} 8. O-O
{[%clk 00:55:52]} {[%emt 00:00:04]} Re8 {[%clk 00:55:05]} {[%emt 00:00:11]} 9.
c3 {[%clk 00:55:19]} {[%emt 00:00:45]} Nd7 {[%clk 00:54:56]} {[%emt 00:00:19]}
10. Qc2 {[%clk 00:55:04]} {[%emt 00:00:25]} Nf8 {[%clk 00:54:50]} {[%emt
00:00:16]} 11. Nd2 {[%clk 00:54:04]} {[%emt 00:01:09]} Qc7 {[%clk 00:53:17]}
{[%emt 00:01:43]} 12. h3 {[%clk 00:53:39]} {[%emt 00:00:36]} Be6 {[%clk
00:52:48]} {[%emt 00:00:39]} 13. Ne4 {[%clk 00:53:15]} {[%emt 00:00:33]} Bf4
{[%clk 00:52:32]} {[%emt 00:00:26]} 14. Be3 {[%clk 00:51:28]} {[%emt 00:01:57]}
Rad8 {[%clk 00:45:58]} {[%emt 00:06:42]} 15. Rae1 {[%clk 00:50:16]} {[%emt
00:01:25]} Bd5 {[%clk 00:43:46]} {[%emt 00:02:21]} 16. Re2 {[%clk 00:46:08]}
{[%emt 00:04:18]} Bxe4 {[%clk 00:42:25]} {[%emt 00:01:31]} 17. Bxe4 {[%clk
00:46:16]} {[%emt 00:00:02]} g6 {[%clk 00:42:06]} {[%emt 00:00:27]} 18. Rfe1
{[%clk 00:44:14]} {[%emt 00:02:14]} Ne6 {[%clk 00:38:56]} {[%emt 00:03:20]} 19.
Bd3 {[%clk 00:40:52]} {[%emt 00:03:32]} f5 {[%clk 00:37:35]} {[%emt 00:01:31]}
20. Bc4 {[%clk 00:35:16]} {[%emt 00:05:47]} Bxe3 {[%clk 00:34:26]} {[%emt
00:03:18]} 21. Rxe3 {[%clk 00:34:37]} {[%emt 00:00:49]} Qd7 {[%clk 00:33:49]}
{[%emt 00:00:46]} 22. Qe2 {[%clk 00:32:43]} {[%emt 00:02:05]} Kg7 {[%clk
00:31:58]} {[%emt 00:02:00]} 23. Bxe6 {[%clk 00:31:32]} {[%emt 00:01:22]} Rxe6
{[%clk 00:31:58]} {[%emt 00:00:09]} 24. Rxe6 {[%clk 00:31:38]} {[%emt
00:00:05]} fxe6 {[%clk 00:31:50]} {[%emt 00:00:18]} 25. Qxe6 {[%clk 00:31:43]}
{[%emt 00:00:05]} Qxe6 {[%clk 00:31:50]} {[%emt 00:00:09]} 26. Rxe6 {[%clk
00:31:50]} {[%emt 00:00:04]} Kf7 {[%clk 00:31:55]} {[%emt 00:00:05]} 27. Re5
{[%clk 00:31:10]} {[%emt 00:00:51]} Kf6 {[%clk 00:31:35]} {[%emt 00:00:30]} 28.
f4 {[%clk 00:30:40]} {[%emt 00:00:40]} h6 {[%clk 00:31:15]} {[%emt 00:00:29]}
29. g4 {[%clk 00:28:45]} {[%emt 00:02:05]} Rd7 {[%clk 00:27:33]} {[%emt
00:03:51]} 30. Kf2 {[%clk 00:27:46]} {[%emt 00:01:10]} fxg4 {[%clk 00:25:06]}
{[%emt 00:02:37]} 31. hxg4 {[%clk 00:27:47]} {[%emt 00:00:10]} g5 {[%clk
00:24:31]} {[%emt 00:00:43]} 32. f5 {[%clk 00:26:38]} {[%emt 00:01:20]} Rd6
{[%clk 00:22:15]} {[%emt 00:02:26]} 33. Ke3 {[%clk 00:25:27]} {[%emt 00:01:21]}
b5 {[%clk 00:21:09]} {[%emt 00:01:17]} 34. b3 {[%clk 00:24:38]} {[%emt
00:00:59]} Kf7 {[%clk 00:20:32]} {[%emt 00:00:44]} 35. c4 {[%clk 00:23:56]}
{[%emt 00:00:55]} bxc4 {[%clk 00:18:58]} {[%emt 00:01:44]} 36. bxc4 {[%clk
00:23:57]} {[%emt 00:00:09]} c5 {[%clk 00:18:00]} {[%emt 00:01:07]} 37. Rxc5
{[%clk 00:22:13]} {[%emt 00:01:54]} Ra6 {[%clk 00:18:07]} {[%emt 00:00:04]} 38.
Rc7+ {[%clk 00:21:41]} {[%emt 00:00:41]} Kg8 {[%clk 00:16:56]} {[%emt
00:01:21]} 39. d5 {[%clk 00:21:11]} {[%emt 00:00:40]} Ra3+ {[%clk 00:16:19]}
{[%emt 00:00:48]} 40. Ke4 {[%clk 00:20:53]} {[%emt 00:00:28]} Rxa2 {[%clk
00:16:04]} {[%emt 00:00:24]} 41. d6 {[%clk 00:20:48]} {[%emt 00:00:15]} Rd2
{[%clk 00:14:13]} {[%emt 00:02:01]} 42. d7 {[%clk 00:20:52]} {[%emt 00:00:06]}
Kf8 {[%clk 00:14:20]} {[%emt 00:00:04]} 43. f6 {[%clk 00:21:01]} {[%emt
00:00:01]} 1-0

[Event "ABC 2024 Utrecht, Groep B"]
[Site "Utrecht"]
[Date "2024.03.10"]
[Round "6.1"]
[White "Seth, Aakrit"]
[Black "Kshirsagar, Pranav"]
[Result "0-1"]
[WhiteElo "1914"]
[BlackElo "1956"]

1. d4 {[%clk 00:55:18]} {[%emt 00:00:02]} Nf6 {[%clk 00:55:17]} {[%emt
00:00:03]} 2. Bf4 {[%clk 00:55:21]} {[%emt 00:00:07]} d5 {[%clk 00:55:24]}
{[%emt 00:00:02]} 3. e3 {[%clk 00:55:16]} {[%emt 00:00:16]} c5 {[%clk
00:55:29]} {[%emt 00:00:06]} 4. c3 {[%clk 00:55:21]} {[%emt 00:00:05]} e6
{[%clk 00:55:36]} {[%emt 00:00:02]} 5. Nf3 {[%clk 00:55:23]} {[%emt 00:00:07]}
Bd6 {[%clk 00:55:39]} {[%emt 00:00:07]} 6. Bg3 {[%clk 00:55:26]} {[%emt
00:00:08]} Qc7 {[%clk 00:55:33]} {[%emt 00:00:16]} 7. Nbd2 {[%clk 00:55:22]}
{[%emt 00:00:13]} Nbd7 {[%clk 00:55:38]} {[%emt 00:00:05]} 8. Bd3 {[%clk
00:55:20]} {[%emt 00:00:13]} e5 {[%clk 00:55:02]} {[%emt 00:00:47]} 9. dxe5
{[%clk 00:55:11]} {[%emt 00:00:18]} Nxe5 {[%clk 00:55:04]} {[%emt 00:00:07]} 10.
Nxe5 {[%clk 00:55:13]} {[%emt 00:00:08]} Bxe5 {[%clk 00:55:10]} {[%emt
00:00:05]} 11. Bxe5 {[%clk 00:55:19]} {[%emt 00:00:04]} Qxe5 {[%clk 00:55:12]}
{[%emt 00:00:08]} 12. Nf3 {[%clk 00:55:27]} {[%emt 00:00:02]} Qh5 {[%clk
00:54:49]} {[%emt 00:00:33]} 13. Bb5+ {[%clk 00:52:22]} {[%emt 00:03:15]} Bd7
{[%clk 00:54:13]} {[%emt 00:00:46]} 14. Qa4 {[%clk 00:51:45]} {[%emt 00:00:47]}
Qg4 {[%clk 00:53:33]} {[%emt 00:00:50]} 15. Qxg4 {[%clk 00:50:35]} {[%emt
00:01:20]} Nxg4 {[%clk 00:53:31]} {[%emt 00:00:11]} 16. Bxd7+ {[%clk 00:50:26]}
{[%emt 00:00:19]} Kxd7 {[%clk 00:53:32]} {[%emt 00:00:10]} 17. h3 {[%clk
00:50:25]} {[%emt 00:00:11]} Nf6 {[%clk 00:53:33]} {[%emt 00:00:08]} 18. O-O-O
{[%clk 00:50:21]} {[%emt 00:00:14]} Ke7 {[%clk 00:51:08]} {[%emt 00:02:35]} 19.
Rd2 {[%clk 00:47:34]} {[%emt 00:02:56]} Rhd8 {[%clk 00:49:07]} {[%emt
00:02:12]} 20. Rhd1 {[%clk 00:44:12]} {[%emt 00:03:31]} h6 {[%clk 00:47:38]}
{[%emt 00:01:40]} 21. Ne5 {[%emt 00:10:02]} Rd6 {[%clk 00:30:55]} {[%emt
00:16:51]} 22. Kc2 {[%clk 00:26:49]} {[%emt 00:07:41]} Rad8 {[%clk 00:25:58]}
{[%emt 00:05:09]} 23. c4 {[%clk 00:19:55]} {[%emt 00:07:04]} g5 {[%clk
00:20:06]} {[%emt 00:06:02]} 24. cxd5 {[%clk 00:15:22]} {[%emt 00:04:43]} Rxd5
{[%clk 00:19:25]} {[%emt 00:00:50]} 25. Rxd5 {[%clk 00:15:07]} {[%emt
00:00:26]} Rxd5 {[%clk 00:14:24]} {[%emt 00:05:11]} 26. Rxd5 {[%clk 00:14:53]}
{[%emt 00:00:24]} Nxd5 {[%clk 00:13:55]} {[%emt 00:00:10]} 27. Kb3 {[%clk
00:13:17]} {[%emt 00:02:13]} f6 {[%clk 00:11:54]} {[%emt 00:02:13]} 28. Nd3
{[%clk 00:12:52]} {[%emt 00:00:35]} Kd6 {[%clk 00:11:32]} {[%emt 00:00:32]} 29.
Kc4 {[%clk 00:12:17]} {[%emt 00:00:44]} b6 {[%emt 00:00:59]} 30. a4 {[%clk
00:11:16]} {[%emt 00:00:25]} a6 {[%emt 00:01:16]} 31. b3 {[%clk 00:09:53]}
{[%emt 00:00:42]} Kc6 {[%clk 00:10:30]} {[%emt 00:00:56]} 32. Ne1 {[%clk
00:08:31]} {[%emt 00:01:27]} Nb4 {[%clk 00:09:34]} {[%emt 00:01:10]} 33. Kc3
{[%clk 00:07:09]} {[%emt 00:01:31]} Kd5 {[%clk 00:09:03]} {[%emt 00:00:42]} 34.
Nc2 {[%clk 00:05:32]} {[%emt 00:01:43]} Nxc2 {[%clk 00:05:58]} {[%emt
00:03:18]} 35. Kxc2 {[%clk 00:05:41]} {[%emt 00:00:02]} c4 {[%clk 00:03:52]}
{[%emt 00:02:17]} 36. Kc3 {[%clk 00:03:55]} {[%emt 00:01:56]} cxb3 {[%clk
00:03:54]} {[%emt 00:00:07]} 37. Kxb3 {[%clk 00:04:04]} {[%emt 00:00:02]} Ke4
{[%clk 00:03:53]} {[%emt 00:00:10]} 38. Kc3 {[%emt 00:01:17]} f5 {[%clk
00:03:14]} 39. Kd2 {[%clk 00:03:49]} {[%emt 00:00:05]} h5 {[%clk 00:02:21]}
{[%emt 00:01:04]} 40. f3+ {[%clk 00:03:00]} {[%emt 00:00:59]} Ke5 {[%clk
00:02:18]} {[%emt 00:00:14]} 41. Kc3 {[%clk 00:03:01]} {[%emt 00:00:01]} g4
{[%clk 00:01:35]} {[%emt 00:01:01]} 42. h4 {[%clk 00:02:48]} {[%emt 00:00:18]}
Kd5 {[%clk 00:01:21]} {[%emt 00:00:28]} 43. Kd3 {[%clk 00:02:39]} {[%emt
00:00:19]} b5 {[%clk 00:00:54]} {[%emt 00:00:37]} 44. axb5 {[%clk 00:01:55]}
{[%emt 00:00:53]} axb5 {[%clk 00:01:04]} {[%emt 00:00:02]} 45. Kc3 {[%clk
00:01:57]} {[%emt 00:00:07]} Kc5 {[%clk 00:01:12]} {[%emt 00:00:02]} 46. Kb3
{[%clk 00:02:03]} {[%emt 00:00:01]} b4 {[%clk 00:01:21]} {[%emt 00:00:04]} 47.
e4 {[%clk 00:00:55]} {[%emt 00:01:18]} fxe4 {[%clk 00:01:29]} {[%emt 00:00:03]}
48. fxg4 {[%clk 00:00:52]} {[%emt 00:00:12]} e3 {[%clk 00:01:20]} {[%emt
00:00:19]} 49. Kc2 {[%clk 00:00:41]} {[%emt 00:00:21]} b3+ {[%clk 00:01:24]}
{[%emt 00:00:06]} 50. Kd1 {[%clk 00:00:36]} {[%emt 00:00:14]} b2 {[%clk
00:01:33]} {[%emt 00:00:03]} 51. Kc2 {[%clk 00:00:43]} {[%emt 00:00:03]} e2
{[%clk 00:01:41]} {[%emt 00:00:01]} 52. Kxb2 {[%clk 00:00:52]} {[%emt
00:00:01]} e1=Q {[%clk 00:01:50]} {[%emt 00:00:01]} 0-1

[Event "ABC 2024 Utrecht, Groep B"]
[Site "Utrecht"]
[Date "2024.03.10"]
[Round "6.2"]
[White "De Wit, Evan"]
[Black "Roolvink, William"]
[Result "0-1"]
[WhiteElo "1892"]
[BlackElo "1977"]

1. d4 {[%clk 00:55:17]} {[%emt 00:00:02]} d5 {[%clk 00:55:05]} {[%emt
00:00:16]} 2. Nf3 {[%clk 00:55:18]} {[%emt 00:00:08]} Nf6 {[%clk 00:55:13]}
{[%emt 00:00:03]} 3. g3 {[%clk 00:55:15]} {[%emt 00:00:12]} Bf5 {[%clk
00:54:39]} {[%emt 00:00:44]} 4. c4 {[%clk 00:55:16]} {[%emt 00:00:10]} c6
{[%clk 00:54:19]} {[%emt 00:00:29]} 5. Bg2 {[%clk 00:54:57]} {[%emt 00:00:30]}
e6 {[%clk 00:54:24]} {[%emt 00:00:05]} 6. O-O {[%clk 00:54:41]} {[%emt
00:00:25]} Be7 {[%clk 00:54:14]} {[%emt 00:00:21]} 7. Qb3 {[%clk 00:54:34]}
{[%emt 00:00:17]} Qb6 {[%clk 00:53:28]} {[%emt 00:00:56]} 8. Nc3 {[%clk
00:53:55]} {[%emt 00:00:49]} Qa6 {[%clk 00:48:33]} {[%emt 00:05:05]} 9. cxd5
{[%clk 00:53:23]} {[%emt 00:00:42]} exd5 {[%clk 00:47:49]} {[%emt 00:00:54]} 10.
Bf4 {[%clk 00:50:58]} {[%emt 00:02:35]} Nbd7 {[%clk 00:45:10]} {[%emt
00:02:49]} 11. Nd2 {[%clk 00:49:34]} {[%emt 00:01:33]} O-O {[%clk 00:43:57]}
{[%emt 00:01:23]} 12. e4 {[%clk 00:48:02]} {[%emt 00:01:43]} dxe4 {[%clk
00:43:29]} {[%emt 00:00:39]} 13. Ndxe4 {[%clk 00:47:31]} {[%emt 00:00:39]} Be6
{[%clk 00:42:07]} {[%emt 00:01:32]} 14. Qc2 {[%clk 00:46:56]} {[%emt 00:00:45]}
h6 {[%clk 00:38:05]} {[%emt 00:04:13]} 15. Qd2 {[%clk 00:44:03]} {[%emt
00:03:03]} Rfd8 {[%clk 00:29:27]} {[%emt 00:08:48]} 16. Rad1 {[%clk 00:38:32]}
{[%emt 00:05:41]} Nxe4 {[%clk 00:25:58]} {[%emt 00:03:39]} 17. Bxe4 {[%clk
00:36:43]} {[%emt 00:01:57]} Nf6 {[%clk 00:23:39]} {[%emt 00:02:30]} 18. Bg2
{[%clk 00:31:48]} {[%emt 00:05:04]} Bf8 {[%clk 00:23:17]} {[%emt 00:00:33]} 19.
Rfe1 {[%clk 00:31:10]} {[%emt 00:00:48]} Rac8 {[%clk 00:22:38]} {[%emt
00:00:49]} 20. a3 {[%clk 00:29:08]} {[%emt 00:02:12]} Bb3 {[%clk 00:21:22]}
{[%emt 00:01:26]} 21. Rc1 {[%clk 00:28:10]} {[%emt 00:01:08]} Qb6 {[%clk
00:17:31]} {[%emt 00:04:02]} 22. Be3 {[%clk 00:26:56]} {[%emt 00:01:23]} Ng4
{[%clk 00:13:53]} {[%emt 00:03:49]} 23. Bh3 {[%clk 00:24:52]} {[%emt 00:02:13]}
Nxe3 {[%clk 00:13:49]} {[%emt 00:00:13]} 24. fxe3 {[%clk 00:24:31]} {[%emt
00:00:31]} Rb8 {[%clk 00:13:25]} {[%emt 00:00:35]} 25. Ne4 {[%clk 00:22:46]}
{[%emt 00:01:55]} c5 {[%clk 00:11:38]} {[%emt 00:01:57]} 26. dxc5 {[%clk
00:21:29]} {[%emt 00:01:28]} Rxd2 {[%clk 00:06:10]} {[%emt 00:05:38]} 27. cxb6
{[%clk 00:20:54]} {[%emt 00:00:45]} Rxb2 {[%clk 00:06:14]} {[%emt 00:00:06]} 28.
bxa7 {[%clk 00:19:53]} {[%emt 00:01:11]} Ra8 {[%clk 00:06:21]} {[%emt
00:00:02]} 29. Nc5 {[%clk 00:17:42]} {[%emt 00:02:21]} Rxa7 {[%clk 00:03:55]}
{[%emt 00:02:36]} 30. Nxb3 {[%clk 00:17:19]} {[%emt 00:00:33]} Rxb3 {[%clk
00:04:03]} {[%emt 00:00:02]} 31. Rb1 {[%clk 00:16:53]} {[%emt 00:00:37]} Raxa3
{[%clk 00:03:51]} {[%emt 00:00:21]} 32. Rxb3 {[%clk 00:16:47]} {[%emt
00:00:16]} Rxb3 {[%clk 00:04:00]} {[%emt 00:00:01]} 33. Bg2 {[%clk 00:16:09]}
{[%emt 00:00:48]} Bc5 {[%clk 00:04:05]} {[%emt 00:00:05]} 34. Kh1 {[%clk
00:14:47]} {[%emt 00:01:31]} b5 {[%clk 00:03:33]} {[%emt 00:00:43]} 35. Bd5
{[%clk 00:13:40]} {[%emt 00:01:17]} Rxe3 {[%clk 00:00:19]} {[%emt 00:03:24]} 36.
Rxe3 {[%clk 00:13:41]} {[%emt 00:00:09]} Bxe3 {[%clk 00:00:28]} {[%emt
00:00:01]} 37. Kg2 {[%clk 00:13:30]} {[%emt 00:00:20]} Kf8 {[%clk 00:00:32]}
{[%emt 00:00:06]} 38. Kf3 {[%clk 00:13:28]} {[%emt 00:00:12]} Bc5 {[%clk
00:00:31]} {[%emt 00:00:12]} 39. h4 {[%clk 00:13:11]} {[%emt 00:00:27]} f5
{[%clk 00:00:13]} {[%emt 00:00:29]} 40. h5 {[%clk 00:12:58]} {[%emt 00:00:22]}
Ke7 {[%clk 00:00:21]} {[%emt 00:00:02]} 41. Kf4 {[%clk 00:10:51]} {[%emt
00:02:17]} Kf6 {[%clk 00:00:27]} {[%emt 00:00:03]} 42. Bg8 {[%clk 00:09:54]}
{[%emt 00:01:08]} Bd6+ {[%clk 00:00:25]} {[%emt 00:00:13]} 43. Kf3 {[%clk
00:08:17]} {[%emt 00:01:46]} Ke5 {[%clk 00:00:32]} {[%emt 00:00:03]} 44. Ke3
{[%clk 00:07:54]} {[%emt 00:00:32]} Bc5+ {[%clk 00:00:39]} {[%emt 00:00:04]} 45.
Kf3 {[%clk 00:07:00]} {[%emt 00:01:04]} Kd4 {[%clk 00:00:19]} {[%emt 00:00:30]}
46. Ke2 {[%clk 00:06:56]} {[%emt 00:00:14]} Kc3 {[%clk 00:00:22]} {[%emt
00:00:07]} 47. Kd1 {[%clk 00:06:40]} {[%emt 00:00:21]} Kb2 {[%clk 00:00:12]}
{[%emt 00:00:26]} 48. Bh7 {[%clk 00:06:26]} {[%emt 00:00:23]} Bd6 {[%clk
00:00:13]} {[%emt 00:00:10]} 49. Bxf5 {[%clk 00:06:12]} {[%emt 00:00:24]} Bxg3
{[%clk 00:00:21]} 50. Be6 {[%clk 00:05:56]} {[%emt 00:00:25]} b4 {[%clk
00:00:28]} {[%emt 00:00:04]} 51. Bd5 {[%clk 00:05:55]} {[%emt 00:00:11]} Bf4
{[%clk 00:00:28]} {[%emt 00:00:10]} 52. Be6 {[%clk 00:05:38]} {[%emt 00:00:27]}
b3 {[%clk 00:00:35]} {[%emt 00:00:03]} 53. Bd5 {[%clk 00:03:38]} {[%emt
00:02:10]} Kc3 {[%clk 00:00:37]} {[%emt 00:00:08]} 54. Bf7 {[%clk 00:03:39]}
{[%emt 00:00:08]} Kb2 {[%clk 00:00:21]} {[%emt 00:00:27]} 55. Bd5 {[%clk
00:03:43]} {[%emt 00:00:06]} Ka3 {[%clk 00:00:19]} {[%emt 00:00:13]} 56. Be6
{[%clk 00:03:44]} {[%emt 00:00:08]} Be5 {[%clk 00:00:11]} {[%emt 00:00:18]} 57.
Kc1 {[%clk 00:03:18]} {[%emt 00:00:36]} Ka2 {[%clk 00:00:20]} {[%emt 00:00:01]}
58. Kd1 {[%clk 00:03:22]} {[%emt 00:00:05]} Ka3 {[%clk 00:00:11]} {[%emt
00:00:20]} 59. Kc1 {[%clk 00:03:11]} {[%emt 00:00:21]} Ka2 {[%clk 00:00:16]}
{[%emt 00:00:05]} 60. Kd1 {[%emt 00:00:03]} g5 {[%clk 00:00:22]} {[%emt
00:00:03]} 61. hxg6 {[%clk 00:03:09]} {[%emt 00:00:19]} Kb2 {[%clk 00:00:23]}
{[%emt 00:00:10]} 62. Bd5 {[%clk 00:02:12]} {[%emt 00:01:07]} Kc3 {[%clk
00:00:24]} {[%emt 00:00:09]} 63. Be4 {[%clk 00:01:23]} {[%emt 00:00:59]} Kd4
{[%clk 00:00:22]} {[%emt 00:00:11]} 64. Bb1 {[%clk 00:01:31]} {[%emt 00:00:03]}
Ke3 {[%clk 00:00:26]} {[%emt 00:00:05]} 65. Ke1 {[%clk 00:01:29]} {[%emt
00:00:13]} Kf3 {[%clk 00:00:15]} {[%emt 00:00:21]} 66. Kf1 {[%clk 00:01:30]}
{[%emt 00:00:08]} Bd4 {[%clk 00:00:24]} {[%emt 00:00:02]} 67. Bd3 {[%clk
00:00:46]} {[%emt 00:00:54]} Kg3 {[%clk 00:00:25]} {[%emt 00:00:09]} 68. g7
{[%clk 00:00:15]} {[%emt 00:00:41]} Bxg7 {[%clk 00:00:32]} {[%emt 00:00:03]} 69.
Bg6 {[%clk 00:00:23]} {[%emt 00:00:01]} b2 {[%clk 00:00:38]} {[%emt 00:00:05]}
70. Kg1 {[%clk 00:00:24]} {[%emt 00:00:09]} h5 {[%clk 00:00:20]} {[%emt
00:00:28]} 71. Kh1 {[%clk 00:00:25]} {[%emt 00:00:08]} h4 {[%clk 00:00:21]}
{[%emt 00:00:09]} 72. Bc2 {[%clk 00:00:16]} {[%emt 00:00:20]} Kf2 {[%emt
00:00:48]} 0-1

[Event "ABC 2024 Utrecht, Groep B"]
[Site "Utrecht"]
[Date "2024.03.10"]
[Round "6.3"]
[White "Winter, Sven"]
[Black "Blok, Xaveer"]
[Result "1-0"]
[WhiteElo "1864"]
[BlackElo "1884"]

1. e4 {[%clk 00:55:17]} {[%emt 00:00:01]} c5 {[%clk 00:55:14]} {[%emt
00:00:05]} 2. Nf3 {[%clk 00:55:25]} {[%emt 00:00:04]} d6 {[%clk 00:55:19]}
{[%emt 00:00:05]} 3. d4 {[%clk 00:55:29]} {[%emt 00:00:06]} cxd4 {[%clk
00:55:27]} {[%emt 00:00:02]} 4. Nxd4 {[%clk 00:55:36]} {[%emt 00:00:04]} Nf6
{[%clk 00:55:29]} {[%emt 00:00:07]} 5. f3 {[%clk 00:55:35]} {[%emt 00:00:12]}
a6 {[%clk 00:54:20]} {[%emt 00:01:19]} 6. c4 {[%clk 00:55:39]} {[%emt
00:00:06]} e5 {[%clk 00:53:13]} {[%emt 00:01:16]} 7. Nc2 {[%clk 00:55:43]}
{[%emt 00:00:06]} Be7 {[%clk 00:52:55]} {[%emt 00:00:28]} 8. Ne3 {[%clk
00:55:22]} {[%emt 00:00:31]} O-O {[%clk 00:52:06]} {[%emt 00:00:59]} 9. Nc3
{[%clk 00:55:13]} {[%emt 00:00:20]} Be6 {[%clk 00:51:06]} {[%emt 00:01:09]} 10.
Ned5 {[%clk 00:55:05]} {[%emt 00:00:17]} Nxd5 {[%clk 00:50:45]} {[%emt
00:00:32]} 11. Nxd5 {[%clk 00:53:15]} {[%emt 00:02:00]} Nd7 {[%clk 00:49:45]}
{[%emt 00:01:08]} 12. Be3 {[%clk 00:52:22]} {[%emt 00:01:05]} f5 {[%clk
00:48:57]} {[%emt 00:00:57]} 13. Qd2 {[%clk 00:47:47]} {[%emt 00:04:47]} fxe4
{[%clk 00:47:58]} {[%emt 00:01:09]} 14. fxe4 {[%clk 00:46:15]} {[%emt
00:01:41]} Rc8 {[%clk 00:46:20]} {[%emt 00:01:48]} 15. Rd1 {[%clk 00:43:27]}
{[%emt 00:02:58]} Nf6 {[%clk 00:43:05]} {[%emt 00:03:24]} 16. Nxf6+ {[%clk
00:36:11]} {[%emt 00:07:28]} Rxf6 {[%clk 00:40:16]} {[%emt 00:02:59]} 17. Be2
{[%clk 00:34:02]} {[%emt 00:02:19]} Bxc4 {[%clk 00:36:22]} {[%emt 00:04:02]} 18.
Bxc4+ {[%clk 00:34:02]} {[%emt 00:00:12]} Kh8 {[%clk 00:34:26]} {[%emt
00:02:06]} 19. Bd5 {[%clk 00:33:36]} {[%emt 00:00:36]} Qf8 {[%clk 00:34:09]}
{[%emt 00:00:28]} 20. Bg5 {[%clk 00:31:56]} {[%emt 00:01:49]} Rg6 {[%clk
00:33:39]} {[%emt 00:00:40]} 21. Rf1 {[%clk 00:28:47]} {[%emt 00:03:19]} Qd8
{[%clk 00:33:16]} {[%emt 00:00:33]} 22. Bxe7 {[%clk 00:28:24]} {[%emt
00:00:33]} Qxe7 {[%clk 00:33:19]} {[%emt 00:00:06]} 23. Rf7 {[%clk 00:27:41]}
{[%emt 00:00:53]} Qh4+ {[%clk 00:33:02]} {[%emt 00:00:27]} 24. g3 {[%clk
00:27:02]} {[%emt 00:00:49]} Qh5 {[%clk 00:32:19]} {[%emt 00:00:52]} 25. Qf2
{[%clk 00:26:09]} {[%emt 00:01:04]} Rf6 {[%clk 00:28:07]} {[%emt 00:04:24]} 26.
Rxf6 {[%clk 00:26:00]} {[%emt 00:00:18]} gxf6 {[%clk 00:28:16]} {[%emt
00:00:01]} 27. Qxf6# {[%emt 00:00:16]} 1-0